|
|
|
|
| LEADER |
00000nam0a2200000 4500 |
| 001 |
29208 |
| 005 |
20231030203227.0 |
| 010 |
|
|
|a 5288009287
|
| 035 |
|
|
|a (RuTPU)RU\TPU\book\29468
|
| 035 |
|
|
|a BOOK00000006
|
| 090 |
|
|
|a 29208
|
| 100 |
|
|
|a 20011209d1992 u y0rusy50 ca
|
| 101 |
0 |
|
|a rus
|
| 102 |
|
|
|a RU
|
| 105 |
|
|
|a 000|y
|
| 200 |
1 |
|
|a Советское право социального обеспечения
|e учебное пособие
|f Е. Н. Доброхотова, Е. Н. Филиппова, М. В. Янтураева
|
| 210 |
|
|
|a СПб.
|c Изд-во СПбГУ
|d 1992
|
| 215 |
|
|
|a 144 с.
|
| 333 |
|
|
|a Исключено из фонда НТБ ТПУ
|
| 701 |
|
1 |
|a Доброхотова
|b Е. Н
|
| 701 |
|
1 |
|a Филиппова
|b М. В
|
| 701 |
|
1 |
|a Янтураева
|b М. А
|
| 801 |
|
0 |
|a RU
|b 63413507
|c 20011209
|g PSBO
|
| 801 |
|
2 |
|a RU
|b 63413507
|c 20220428
|g RCR
|
| 942 |
|
|
|c BK
|